000 00500nam a22001697a 4500
005 20251108170843.0
008 250721s1992 xx 000 0 ara d
082 1 4 _a808.8/سمي
100 1 _aشيخاني، سميرة
245 1 0 _aخمسة الآف قول في المرآة والرجل /
264 1 _aبيروت :
_bدار الجيل،
_c1992.
650 1 7 _aمتنوعات أدبية
650 1 7 _aالأدب
650 1 7 _aالحكم والأمثال
942 _2ddc
_cBK
999 _c50579
_d50579